000 01312cam a2200337 a 4500
001 14432484
003 OSt
005 20160829085652.0
008 060629s2007 flua b 001 0 eng
010 _a 2006049394
015 _aGBA3-X3670
020 _a1566706343
020 _a9781566706346
035 _a(OCoLC)ocm70232404
035 _a(OCoLC)70232404
_z(OCoLC)52196764
040 _aDLC
_cDLC
_dBAKER
_dBTCTA
_dUKM
_dC#P
_dYDXCP
_dAGL
_dDLC
050 0 0 _aQH541.15.R57
_bECO 2007
070 0 _aQH541.15.R57
_bECO 2007
082 0 0 _a333.95/14
_222
245 0 0 _aEcological risk assessment /
_ceditor and principal author, Glenn W. Suter II ; contributing authors, Lawrence W. Barnthouse ... [et al.].
250 _a2nd ed.
260 _aBoca Raton :
_bCRC Press/Taylor & Francis,
_cc2007.
300 _a643 p. :
_bill. ;
_c27 cm.
504 _aIncludes bibliographical references (p. 561-624) and index.
650 0 _aEcological risk assessment.
700 1 _aSuter, Glenn W.
856 4 2 _3Publisher description
_uhttp://www.loc.gov/catdir/enhancements/fy0661/2006049394-d.html
906 _a7
_bcbc
_corignew
_d1
_eocip
_f20
_gy-gencatlg
942 _2lcc
_cBK
999 _c6607
_d6607